[Event "London WFW"]
[Site "London"]
[Date "1991.??.??"]
[Round "?"]
[White "Conquest, Stuart"]
[Black "Khalifman, Alexander"]
[Result "0-1"]
[WhiteElo "2460"]
[BlackElo "2640"]

1.e4 g6 2.d4 Bg7 3.f4 d6 4.Nf3 c5 5.dxc5 Qa5+ 6.c3 Qxc5 7.Bd3 Nf6 8.Qe2 O-O
9.Be3 Qc7 10.Na3 Nbd7 11.O-O a6 12.Rad1 b5 13.Kh1 Bb7 14.Bg1 Nc5 15.Nd2 Nxd3
16.Qxd3 Nxe4 17.Nxe4 Qc6 18.Qd2 Qxe4 19.Rfe1 Qf5 20.Rxe7 Be4 21.Re1 d5 22.Re2 Bh6
23.Nc2 Bxf4 24.Be3 Bd6 25.Rxe4 dxe4 26.Rf2 Qe6 27.Nd4 Qe5 28.Bf4 e3 29.Qd3 Qh5
30.Qxe3  0-1

[Event "London WFW"]
[Site "London"]
[Date "1991.??.??"]
[Round "?"]
[White "Plaskett, Jim"]
[Black "Khalifman, Alexander"]
[Result "1/2-1/2"]
[WhiteElo "2480"]
[BlackElo "2640"]

1.e4 e5 2.Nf3 Nc6 3.Bb5 a6 4.Ba4 Nf6 5.O-O Be7 6.Re1 b5 7.Bb3 O-O 8.d3 d6
9.c3 Na5 10.Bc2 c5 11.Nbd2 Nc6 12.Nf1 Re8 13.a4 Rb8 14.h3 Bf8 15.Bg5 h6 16.axb5 axb5
17.Bxf6 Qxf6 18.Ne3 Qd8 19.Nd5 Ne7 20.Bb3 Nxd5 21.Bxd5 Be6 22.Bxe6 Rxe6 23.Qb3 Re7
24.Qd5 Qb6 25.Nd2 Ra7 26.Nf1 b4 27.cxb4 Rxa1 28.Rxa1 Qxb4 29.Ne3 Qb7 30.Qxb7 Rxb7
31.Nc4 g6 32.Ra6 Rb3 33.Ra3 Rb4 34.Kf1 f5 35.f3 fxe4 36.fxe4 Kf7 37.Ra8 Be7
38.Ke2 h5 39.Kd1 Rb7 40.Kc2 Ke6 41.Kc3 h4 42.Ne3 Bg5 43.Nd5 Kf7 44.Rc8 Ke6
45.Rh8 Ra7 46.Kc4 Ra4+ 47.Kb3 Ra7 48.Kc4 Ra4+ 49.Kb3 Ra7 50.Rc8 Kf7 51.Rc7+ Rxc7
52.Nxc7 Ke7 53.Kc4 Kd7 54.Nd5 Ke6 55.Kb5 Kd7 56.Kb6 Bd8+ 57.Kb7 Ba5 58.Ka6 Bd8
59.Kb7 Ba5 60.Ka7 Bc7 61.Kb7  1/2-1/2

[Event "Portoroz/Nova Gorica"]
[Site "Portoroz"]
[Date "1991.??.??"]
[Round "?"]
[White "Polgar, Zsuzsa"]
[Black "Khalifman, Alexander"]
[Result "1-0"]
[WhiteElo "2510"]
[BlackElo "2640"]

1.d4 e6 2.c4 Nf6 3.Nf3 b6 4.e3 Bb7 5.Bd3 d5 6.O-O Bd6 7.b3 O-O 8.Bb2 Nbd7
9.Nc3 a6 10.Rc1 Ne4 11.Ne2 f5 12.Ne5 Bxe5 13.dxe5 Ndc5 14.Nf4 Qe8 15.cxd5 exd5
16.Bxe4 dxe4 17.b4 Rd8 18.Bd4 g5 19.bxc5 gxf4 20.cxb6 cxb6 21.Rc7 Rf7 22.Qb3 b5  1-0

[Event "Triberg"]
[Site "Triberg"]
[Date "1991.??.??"]
[Round "3"]
[White "Khalifman, Alexander"]
[Black "Pioch, Thomas"]
[Result "1-0"]
[WhiteElo "2640"]
[BlackElo "2230"]

1.d4 Nf6 2.Nf3 b6 3.c4 e6 4.Nc3 Bb7 5.a3 d5 6.cxd5 exd5 7.Qa4+ c6 8.g3 Be7
9.Bg2 O-O 10.Bf4 b5 11.Qc2 a5 12.O-O Na6 13.Rad1 b4 14.axb4 axb4 15.Nb1 Qb6
16.Nbd2 Rac8 17.Bh3 Rcd8 18.Rc1 Rfe8 19.Nb3 h6 20.Ne5 Bd6 21.Nxc6 Bxf4 22.gxf4 Rc8
23.Bxc8  1-0

[Event "Triberg"]
[Site "Triberg"]
[Date "1991.??.??"]
[Round "4"]
[White "Vatter, Hans Joachim"]
[Black "Khalifman, Alexander"]
[Result "0-1"]
[WhiteElo "2325"]
[BlackElo "2640"]

1.e4 c5 2.Nf3 d6 3.d4 cxd4 4.Nxd4 Nf6 5.Nc3 Nc6 6.Bg5 e6 7.Qd2 a6 8.O-O-O h6
9.Nxc6 bxc6 10.Bf4 d5 11.exd5 cxd5 12.Be5 Be7 13.f4 O-O 14.Bd3 Nd7 15.Qe2 Nxe5
16.fxe5 Rb8 17.Bc4 Bd7 18.Bb3 a5 19.a4 Rb4 20.Rd3 Kh8 21.Rhd1 Qb8 22.g3 f6
23.Re1 Rc8 24.Kb1 f5 25.Red1 Be8 26.h3 Bg6 27.Ka2 f4 28.Rd4 fxg3 29.Qg4 Bg5
30.Qxg3 Rxd4 31.Rxd4 Bf6 32.Qf3 Bxe5  0-1

[Event "Triberg"]
[Site "Triberg"]
[Date "1991.??.??"]
[Round "5"]
[White "Khalifman, Alexander"]
[Black "Mohr, Stefan"]
[Result "1/2-1/2"]
[WhiteElo "2640"]
[BlackElo "2430"]

1.e4 g6 2.d4 Bg7 3.Nc3 d6 4.Be2 Nf6 5.Nf3 O-O 6.O-O c6 7.a4 Nbd7 8.a5 Qc7
9.h3 e5 10.Be3 exd4 11.Bxd4 Re8 12.Nd2 Nf8 13.Re1 Bd7 14.Bf3 Ne6 15.Be3 Red8
16.Nb3 b5 17.axb6 axb6 18.Qd2 Rxa1 19.Rxa1 b5 20.Rd1 Be8 21.Nd4 Nxd4 22.Bxd4 b4
23.Ne2 c5 24.Be3 Bc6 25.Bg5 h6 26.Bxh6  1/2-1/2

[Event "Triberg"]
[Site "Triberg"]
[Date "1991.??.??"]
[Round "6"]
[White "Schlenker, Rainer"]
[Black "Khalifman, Alexander"]
[Result "0-1"]
[WhiteElo "2260"]
[BlackElo "2640"]

1.e4 c5 2.c3 Nf6 3.e5 Nd5 4.d4 cxd4 5.cxd4 Nc6 6.Nc3 Nxc3 7.bxc3 e6 8.Bd3 d6
9.f4 Qc7 10.Bd2 Bd7 11.Nf3 O-O-O 12.O-O h6 13.Rb1 Kb8 14.Qe2 d5 15.Rfc1 Na5
16.c4 Nxc4 17.Bxc4 dxc4 18.Rxc4 Bc6 19.Ba5 Qxa5 20.Rxc6 Be7 21.Rb5 Qa4 22.Qb2 Rd7
23.d5 Qa3 24.Qb1  0-1

[Event "Triberg"]
[Site "Triberg"]
[Date "1991.??.??"]
[Round "9"]
[White "David, Pavel"]
[Black "Khalifman, Alexander"]
[Result "1/2-1/2"]
[WhiteElo "2400"]
[BlackElo "2640"]

1.c4 e5 2.Nc3 Nc6 3.Nf3 Nf6 4.g3 Bb4 5.Bg2 O-O 6.O-O Bxc3 7.bxc3 Re8 8.d3 e4
9.Nd4 h6 10.Nxc6 bxc6 11.Qa4  1/2-1/2

[Event "Brussels SWIFT rapid"]
[Site "Brussels"]
[Date "1992.??.??"]
[Round "?"]
[White "Khalifman, Alexander"]
[Black "Lobron, Eric"]
[Result "1-0"]
[WhiteElo "2625"]
[BlackElo "2575"]

1.d4 Nf6 2.Nf3 e6 3.c4 Bb4+ 4.Bd2 a5 5.g3 d6 6.Bg2 Nbd7 7.O-O e5 8.Nc3 O-O
9.a3 Bxc3 10.Bxc3 Ne4 11.Be1 Qe7 12.b4 axb4 13.axb4 Rxa1 14.Qxa1 Re8 15.dxe5 dxe5
16.Nd2 Nd6 17.e4 c5 18.Qc3 b6 19.f3 Bb7 20.Bf2 f5 21.bxc5 bxc5 22.Rb1 Bc6
23.Qd3 Rf8 24.Nb3 fxe4 25.fxe4 Nb7 26.Nd2 h6 27.Nf1 Qd6 28.Qc2 Qg6 29.Ne3 Nd6
30.Nd5 Bxd5 31.cxd5 c4 32.Re1 Qg4 33.Qc3 Qh5 34.Qb4 Nf6 35.h3 Nfe8 36.g4 Qg6
37.Bg3 Qg5 38.Qc3 Nf7 39.Qxc4 h5 40.Qc1 Qg6 41.Qd1 Ned6 42.Kh2 hxg4 43.Qxg4 Qxg4
44.hxg4 Nh6 45.g5 Nhf7 46.g6 Nh6 47.Bh3 Rf6 48.Be6+ Kf8 49.Ra1 Rxg6 50.Ra8+  1-0

[Event "Brussels SWIFT rapid"]
[Site "Brussels"]
[Date "1992.??.??"]
[Round "?"]
[White "Lobron, Eric"]
[Black "Khalifman, Alexander"]
[Result "1-0"]
[WhiteElo "2575"]
[BlackElo "2625"]

1.e4 e5 2.Nf3 Nc6 3.Bb5 a6 4.Bxc6 dxc6 5.O-O f6 6.d4 Bg4 7.c3 Bd6 8.Be3 Ne7
9.Nbd2 Ng6 10.Qb3 Qc8 11.c4 exd4 12.Nxd4 c5 13.Nf5 O-O 14.Nxd6 cxd6 15.f3 Be6
16.Qb6 Qd7 17.Rfd1 Rac8 18.b3 Rc6 19.Qa5 f5 20.exf5 Bxf5 21.Nf1 Qd8 22.Qxd8 Rxd8
23.Ng3 Be6 24.Ne4 b6 25.Nc3 h6 26.Rd2 Ne7 27.Rad1 Kf7 28.Bf4 Nf5 29.g4 Nd4
30.Kg2 d5 31.cxd5 Bxd5 32.Nxd5 Rxd5 33.h4 Rf6 34.Be3 Rfd6 35.h5 Nc2 36.Bf4 Rxd2+
37.Rxd2 Rxd2+ 38.Bxd2 b5 39.Kf2 Nd4 40.Bc3 Ne6 41.Ke3 g6 42.hxg6+ Kxg6 43.f4 Kf7
44.Ke4 Nc7 45.Be5 Ne6 46.Kd5 Ke7 47.f5 Ng5 48.Bf4 Nf7 49.Kxc5 Kf6 50.Kb6 h5
51.gxh5 Kxf5 52.Bd2 Kg4 53.h6 Kf5 54.Kxa6  1-0

[Event "GER CupT"]
[Site "Germany"]
[Date "1992.??.??"]
[Round "?"]
[White "Khalifman, Alexander"]
[Black "Borriss, Martin"]
[Result "1-0"]
[WhiteElo "2625"]
[BlackElo "2395"]

1.d4 Nf6 2.c4 g6 3.Nc3 Bg7 4.e4 d6 5.Nf3 O-O 6.h3 e5 7.d5 Na6 8.Bg5 h6 9.Be3 Nc5
10.Nd2 a5 11.g4 c6 12.Be2 Bd7 13.h4 cxd5 14.cxd5 b5 15.g5 hxg5 16.hxg5 Nh7
17.Nxb5 Bxb5 18.Bxb5 Rb8 19.a4 Nxg5 20.Qg4 f6 21.Ra3 Qc8 22.Qg2 Nxa4 23.Bxa4 Rxb2
24.Bc6 Qb8 25.Rxa5 Rc2 26.Rb5 Qc8 27.Bxg5 fxg5 28.Qh3 Qxh3 29.Rxh3 g4 30.Rh4 g3
31.fxg3 Rc1+ 32.Ke2 Rg1 33.Rh2 Rxg3 34.Bd7 Rf4 35.Be6+ Kf8 36.Rb8+ Ke7 37.Rb7+ Kf8
38.Rh7 Rg2+ 39.Kd3  1-0

[Event "GER CupT"]
[Site "Germany"]
[Date "1992.??.??"]
[Round "?"]
[White "Huebner, Robert"]
[Black "Khalifman, Alexander"]
[Result "1/2-1/2"]
[WhiteElo "2615"]
[BlackElo "2625"]

1.d4 Nf6 2.c4 g6 3.Nf3 Bg7 4.g3 O-O 5.Bg2 c6 6.O-O d5 7.Qb3 Qb6 8.Nc3 Bf5
9.cxd5 Qxb3 10.axb3 cxd5 11.b4 e6 12.b5 Ne4 13.Nxe4 Bxe4 14.Be3 Nd7 15.Rfc1 Bxf3
16.Bxf3 Nb6 17.Rc7 Rfb8 18.b3 Bf6 19.Kg2 Bd8 20.Rc2 a6 21.bxa6 Rxa6 22.Rxa6 bxa6
23.Bf4 Rc8 24.Rxc8 Nxc8 25.e4 Nb6 26.Bd6 a5 27.exd5 exd5 28.Kf1 Kg7 29.Ke2 a4
30.bxa4 Nxa4 31.Kd3 Nb6 32.Bb4 Kf6 33.Ba5 Ke6 34.h4 Bc7 35.h5 Na8 36.hxg6  1/2-1/2

[Event "GER CupT"]
[Site "Germany"]
[Date "1992.??.??"]
[Round "?"]
[White "Mueller, Karsten"]
[Black "Khalifman, Alexander"]
[Result "0-1"]
[WhiteElo "2455"]
[BlackElo "2625"]

1.e4 c5 2.Nf3 d6 3.d4 cxd4 4.Nxd4 Nf6 5.Nc3 g6 6.Be3 Bg7 7.f3 O-O 8.Qd2 Nc6
9.g4 Be6 10.O-O-O Nxd4 11.Bxd4 Qa5 12.a3 Rab8 13.g5 Nh5 14.Bxg7 Nxg7 15.Kb1 Rfc8
16.Nd5 Qxd2 17.Rxd2 Bxd5 18.exd5 Nf5 19.Bh3 Rc4 20.Re1 Kf8 21.Re4 Rbc8 22.c3 R8c7
23.Rd3 h6 24.gxh6 Nxh6 25.Kc2 f5 26.Red4 Ng8 27.b3 Rxd4 28.Rxd4 Nf6 29.Bf1 Kg7
30.h4 Rc5 31.c4 Rc8 32.Kd2 Nd7 33.Be2 a5 34.Bd1 Kf6 35.Ke3 Rh8 36.Bc2 Ke5
37.Bd1 Nc5 38.a4 Na6 39.Bc2 Nb4 40.Bd1 Na6 41.Bc2 Nb4 42.Bd1 b6 43.h5 Rxh5
44.f4+ Kf6 45.Rd2 Rh1 46.Bf3 Rc1 47.Bd1 Rc3+ 48.Kd4 Rh3 49.c5 bxc5+ 50.Kc4 Rh4
51.Kb5 Rxf4 52.Kxa5 g5 53.Kb5 g4 54.a5 g3 55.a6 Nxa6 56.Kxa6 Rd4 57.Rxd4 cxd4
58.Bf3 d3  0-1

[Event "GER CupT"]
[Site "Germany"]
[Date "1992.??.??"]
[Round "?"]
[White "Alber, Horst"]
[Black "Khalifman, Alexander"]
[Result "0-1"]
[WhiteElo "2335"]
[BlackElo "2625"]

1.d4 Nf6 2.c4 e6 3.Nf3 b6 4.g3 Ba6 5.Qa4 Bb7 6.Bg2 c5 7.d5 exd5 8.cxd5 Bxd5
9.O-O Be7 10.Nc3 Bc6 11.Qf4 O-O 12.e4 d6 13.b3 Nbd7 14.Bb2 Qc7 15.Nh4 Ne5
16.Nf5 Rfe8 17.g4 Bf8 18.g5 Ng6 19.Nh6+ gxh6 20.Qxf6 Re6 21.Qf5 Re5 22.Qh3 hxg5
23.Ne2 Re6 24.f4 gxf4 25.Nxf4 Nxf4 26.Rxf4 Bg7 27.Bxg7 Kxg7 28.Raf1 Rf8 29.Rh4 h6
30.Qc3+ Re5 31.Rf5 Rh8 32.Rhf4 Qe7 33.Bf1 b5 34.Kf2 Be8 35.Be2 Kf8 36.Bh5 Rh7  0-1

[Event "Bundesliga 9192"]
[Site "Germany"]
[Date "1992.??.??"]
[Round "?"]
[White "Khalifman, Alexander"]
[Black "Teske, Henrik"]
[Result "1-0"]
[WhiteElo "2625"]
[BlackElo "2455"]

1.d4 e6 2.c4 Bb4+ 3.Nd2 Nf6 4.Nf3 b6 5.e3 O-O 6.Bd3 d5 7.O-O Bb7 8.a3 Be7
9.cxd5 Nxd5 10.Qc2 g6 11.Nc4 Nd7 12.e4 N5f6 13.b4 a5 14.bxa5 b5 15.Nce5 Rxa5
16.Nc6 Bxc6 17.Qxc6 b4 18.Bh6 Qa8 19.Rac1 Rc8 20.axb4 Bxb4 21.Bf4 Qxc6 22.Rxc6 Ra3
23.Rd1 Ne8 24.h3 Bd6 25.Be3 Rb8 26.e5 Be7 27.Be4 Nb6 28.Rb1 Rd8 29.Kf1 Nd5
30.Bd2 Ra7 31.Ke2 Ng7 32.Rbc1 Rd7 33.g4 Ne8 34.Rb1 Rd8 35.Rc2 Ra4 36.Rb7 Ra1
37.Rcb2 Raa8 38.Rc2 Ra4 39.Rcb2 Raa8 40.h4 Bf8 41.Rc2 Be7 42.h5 f5 43.gxf5 gxf5
44.Bd3 Kf7 45.Bc4 Ra3 46.Bc1 Rc3 47.Rbb2 Ba3 48.Ra2 Bxc1 49.Bxd5 Rxc2+ 50.Rxc2 Rxd5
51.Rxc1 h6 52.Ke3 Ra5 53.Ne1 Ra6 54.Nd3 Ra3 55.Rc6 Ke7 56.d5 exd5 57.Kd4 Ng7
58.Rxc7+ Kf8 59.Rc8+ Kf7 60.Nc5 Nxh5 61.e6+  1-0

[Event "Manila ol (Men)"]
[Site "Manila"]
[Date "1992.??.??"]
[Round "?"]
[White "Khalifman, Alexander"]
[Black "Akopian, Vladimir"]
[Result "1/2-1/2"]
[WhiteElo "2625"]
[BlackElo "2605"]

1.Nf3 Nf6 2.c4 e6 3.g3 d5 4.d4 dxc4 5.Bg2 a6 6.O-O Nc6 7.Na3 Bxa3 8.bxa3 Rb8
9.Bb2 O-O 10.Qc2 b5 11.Rad1 Ne7 12.e4 Bb7 13.Rfe1 Ng6 14.Bc3 Qd7 15.h4 Rfd8
16.d5 Qe7 17.Qb2 exd5 18.exd5 Qd6 19.Nd4 Qd7 20.Qc2 Re8 21.Nf5 Rxe1+ 22.Rxe1 Re8
23.Rxe8+ Nxe8 24.Qe2 Qxf5 25.Qxe8+ Nf8 26.h5 h6 27.Bb4 Qc8 28.Qe7 c6 29.Bc3 Qd7
30.Qc5  1/2-1/2

[Event "Manila ol (Men)"]
[Site "Manila"]
[Date "1992.??.??"]
[Round "?"]
[White "Petursson, Margeir"]
[Black "Khalifman, Alexander"]
[Result "1/2-1/2"]
[WhiteElo "2555"]
[BlackElo "2625"]

1.c4 Nf6 2.Nc3 g6 3.d4 Bg7 4.e4 d6 5.Be2 O-O 6.Bg5 h6 7.Be3 c5 8.dxc5 Qa5
9.Bd2 Qxc5 10.Nf3 Bg4 11.Be3 Qa5 12.O-O Nc6 13.Nd2 Bxe2 14.Qxe2 a6 15.Rac1 Rfc8
16.Nb3 Qb4 17.f4 e6 18.Rfd1 a5 19.Na1 Ne7 20.b3 a4 21.Bd2 Qb6+ 22.Kh1 axb3
23.axb3 d5 24.e5 Nd7 25.Be3 Qa5 26.Nb5 Nf6  1/2-1/2

[Event "Manila ol (Men)"]
[Site "Manila"]
[Date "1992.??.??"]
[Round "?"]
[White "Piket, Jeroen"]
[Black "Khalifman, Alexander"]
[Result "1/2-1/2"]
[WhiteElo "2615"]
[BlackElo "2625"]

1.d4 Nf6 2.Nf3 e6 3.c4 b6 4.g3 Ba6 5.Nbd2 Bb4 6.Qa4 c5 7.a3 Bxd2+ 8.Bxd2 Bb7
9.Bg2 cxd4 10.O-O O-O 11.Nxd4 Bxg2 12.Kxg2 Nc6 13.Nxc6 dxc6 14.Bf4 Qd4 15.Qc2 Rfd8
16.Rad1 Qe4+ 17.Qxe4 Nxe4 18.f3 Nc5 19.b4 Na4 20.Bc7 Rxd1 21.Rxd1 Kf8 22.g4 Rc8
23.Be5 f6 24.Ba1 Ke7 25.g5 a6 26.gxf6+ gxf6 27.Rd4 c5 28.Rh4 cxb4 29.Rxh7+ Kd6
30.axb4 e5 31.Rh6 Ke7 32.f4 Rxc4 33.fxe5 f5 34.e6 Nc3 35.Rh7+ Kxe6 36.Rh6+ Ke7
37.Bxc3 Rxc3 38.Rxb6 Rc4 39.h3 Re4 40.Kg3 Kf7 41.Kf3 Rh4 42.e3 Rxh3+ 43.Kf4 Ke7
44.Rxa6 Rh4+ 45.Kxf5 Rxb4 46.e4 Rb1 47.Ra7+ Ke8 48.Rg7 Rb5+  1/2-1/2

[Event "Manila ol (Men)"]
[Site "Manila"]
[Date "1992.??.??"]
[Round "?"]
[White "Sokolov, Ivan"]
[Black "Khalifman, Alexander"]
[Result "1/2-1/2"]
[WhiteElo "2630"]
[BlackElo "2625"]

1.d4 e6 2.c4 Nf6 3.Nc3 Bb4 4.Qc2 O-O 5.a3 Bxc3+ 6.Qxc3 b6 7.Nf3 Bb7 8.e3 d6
9.Be2 Nbd7 10.O-O Ne4 11.Qc2 f5 12.b4 Ndf6 13.d5 e5 14.Ne1 a5 15.f3 Ng5 16.Rb1 axb4
17.axb4 Bc8 18.Bb2 Qe8 19.Kh1 Nh5 20.f4 exf4 21.exf4 Ne4 22.Kg1 Bd7 23.Qd1 Nhf6
24.Nf3 Ra4 25.b5 Ra8 26.Bd3 Ng4 27.Bd4 Qg6 28.Qc2 Nc5 29.Rfe1 Rfe8 30.Bf1 Re4
31.Qd2 Ra3 32.Bxc5 bxc5 33.Bd3 Re8 34.Rxe8+ Qxe8 35.Re1 Qa8 36.Qe2 Nf6 37.Ng5 Ra1
38.h3 Rxe1+ 39.Qxe1 Qe8 40.Qxe8+ Nxe8 41.Kf2 h6 42.Nf3 Kf7 43.g3 Nf6 44.Nh4 g6
45.Ng2 Ng8 46.Ne3  1/2-1/2

[Event "Manila ol (Men)"]
[Site "Manila"]
[Date "1992.??.??"]
[Round "?"]
[White "Khalifman, Alexander"]
[Black "Yermolinsky, Alex"]
[Result "1-0"]
[WhiteElo "2625"]
[BlackElo "2595"]

1.d4 Nf6 2.c4 e6 3.Nf3 Bb4+ 4.Bd2 Qe7 5.g3 Nc6 6.Nc3 O-O 7.Bg2 d6 8.O-O a5
9.Rc1 e5 10.Nd5 Nxd5 11.cxd5 Nxd4 12.Nxd4 exd4 13.Bxb4 axb4 14.Qxd4 Qxe2
15.Rfe1 Qg4 16.Qxg4 Bxg4 17.Re4 Bc8 18.Rxb4 Rxa2 19.h4 c5 20.dxc6 bxc6 21.Bxc6 Be6
22.Rd1 g6 23.Rxd6 Ra6 24.Rbd4 Rc8 25.Bf3 Rxd6 26.Rxd6 Rb8 27.Rd2 Rb3 28.Bd1 Rb5
29.Kf1 Kg7 30.Ke2 Bb3 31.Bxb3 Rxb3 32.Kd1 Rb7 33.Kc2 Rc7+ 34.Kd3 Rb7 35.Kc4 Rc7+
36.Kb5 Rb7+ 37.Kc5  1-0

[Event "Manila ol (Men)"]
[Site "Manila"]
[Date "1992.??.??"]
[Round "?"]
[White "Kengis, Edvins"]
[Black "Khalifman, Alexander"]
[Result "1/2-1/2"]
[WhiteElo "2575"]
[BlackElo "2625"]

1.d4 Nf6 2.c4 e6 3.Nf3 Bb4+ 4.Bd2 c5 5.Bxb4 cxb4 6.g3 O-O 7.Bg2 d6 8.Nbd2 Nc6
9.Nf1 e5 10.Ne3 Ng4 11.Nd5 Nh6 12.O-O Nf5 13.e3 Be6 14.Qd2 a5 15.a3 Re8 16.Rfd1 bxa3
17.bxa3 exd4 18.exd4 b5 19.cxb5  1/2-1/2

[Event "Moscow rapid"]
[Site "Moscow"]
[Date "1992.??.??"]
[Round "?"]
[White "Khalifman, Alexander"]
[Black "Machulsky, Anatoly D"]
[Result "1-0"]
[WhiteElo "2635"]
[BlackElo "2560"]

1.e4 c5 2.Nf3 d6 3.d4 cxd4 4.Nxd4 Nf6 5.Nc3 e6 6.Be3 a6 7.g4 Nc6 8.g5 Nd7
9.h4 Qc7 10.Qh5 Nxd4 11.Bxd4 b5 12.O-O-O Bb7 13.Bh3 Nc5 14.Rhe1 b4 15.Nd5 exd5
16.exd5+ Kd8 17.Bxc5 Bc8 18.Bxc8 Rxc8 19.Re2 dxc5 20.d6 Qd7 21.g6 f6 22.gxh7 Rc6
23.Re7 Bxe7 24.dxe7+ Kxe7 25.Rxd7+ Kxd7 26.Qf7+ Kd6 27.Qxg7 Rcc8 28.Qxf6+ Kd5
29.Kd2 c4 30.f4 Rcd8 31.Ke3 Rhf8 32.Qe5+ Kc6 33.Kf3 Rde8 34.Qg7 a5 35.Kg4 Rd8
36.Kg5 Kd6 37.Kg6 Rfe8 38.f5 Rh8 39.f6 Ke5 40.f7+ Kf4 41.Qxh8 Rxh8 42.Kg7 a4
43.Kxh8  1-0

[Event "Moscow rapid"]
[Site "Moscow"]
[Date "1992.??.??"]
[Round "?"]
[White "Gurevich, Dmitry"]
[Black "Khalifman, Alexander"]
[Result "1-0"]
[WhiteElo "2490"]
[BlackElo "2635"]

1.Nf3 Nf6 2.c4 e6 3.g3 d5 4.d4 Bb4+ 5.Nbd2 O-O 6.Bg2 b6 7.O-O Bb7 8.cxd5 exd5
9.Ne5 Re8 10.Ndc4 c6 11.Ne3 Bd6 12.Nd3 g6 13.b4 Na6 14.Qb3 Nc7 15.a4 Rb8
16.Bb2 h5 17.Rac1 h4 18.Ne5 c5 19.bxc5 bxc5 20.Rxc5 Bxc5 21.dxc5 Ba8 22.Qa2 Re6
23.Bh3 d4 24.Bxe6 Nxe6 25.Rd1 Qc7 26.Rxd4 Qb7 27.c6 Qxb2 28.Qxb2 Rxb2 29.Rd8+ Nxd8
30.c7 Rb1+ 31.Nf1 Rd1 32.c8=Q Bb7 33.Qc2 Rd5 34.Nxg6  1-0

[Event "Moscow rapid"]
[Site "Moscow"]
[Date "1992.??.??"]
[Round "?"]
[White "Filipenko, Alexander V"]
[Black "Khalifman, Alexander"]
[Result "1/2-1/2"]
[WhiteElo "2390"]
[BlackElo "2635"]

1.e4 d5 2.exd5 Qxd5 3.Nc3 Qa5 4.Nf3 Nf6 5.Bc4 c6 6.h3 Bf5 7.d3 e6 8.Bd2 Qc7
9.Qe2 Bc5 10.g4 Bg6 11.Nh4 Nbd7 12.f4 O-O-O 13.O-O-O Nb6 14.Bb3 Nbd5 15.Nxd5 cxd5
16.Kb1 Rhe8 17.Rhf1 Nd7 18.Qg2 Be7 19.Nxg6 hxg6 20.f5 gxf5 21.gxf5 Bf6 22.fxe6 fxe6
23.Rde1 Nc5 24.Qg4 Qd7 25.Be3 Nxb3 26.axb3 Kb8 27.Bf4+ Ka8 28.Be5 Bxe5 29.Rxe5 Rc8
30.Rfe1 Rc6 31.Rg5 Re7 32.d4 a6 33.Rg1 Rc7 34.h4 Rf7 35.Re5 Rf2 36.Re2 Qf7
37.Rge1 Rxe2 38.Qxe2  1/2-1/2

[Event "Moscow Tal mem"]
[Site "Moscow"]
[Date "1992.??.??"]
[Round "?"]
[White "Sokolov, Andrei"]
[Black "Khalifman, Alexander"]
[Result "1/2-1/2"]
[WhiteElo "2605"]
[BlackElo "2635"]

1.e4 e6 2.d4 d5 3.Nc3 dxe4 4.Nxe4 Bd7 5.Nf3 Bc6 6.Bd3 Nd7 7.O-O Ngf6 8.Nxf6+ Nxf6
9.Be2 Bd6 10.c4 Be4 11.Be3 O-O 12.Qd2  1/2-1/2

[Event "Moscow Tal mem"]
[Site "Moscow"]
[Date "1992.??.??"]
[Round "?"]
[White "Khalifman, Alexander"]
[Black "Nevostrujev, Vladimir"]
[Result "1/2-1/2"]
[WhiteElo "2635"]
[BlackElo "2450"]

1.e4 c5 2.Nf3 d6 3.d4 cxd4 4.Nxd4 Nf6 5.Nc3 a6 6.Be3 e5 7.Nf3 Nbd7 8.Bc4 b5
9.Bb3 Be7 10.O-O Bb7 11.Nd2 Nc5 12.Bd5 Nxd5 13.Nxd5 Rc8 14.c4 O-O 15.Qe2 Bg5
16.f3  1/2-1/2

[Event "Moscow Tal mem"]
[Site "Moscow"]
[Date "1992.??.??"]
[Round "?"]
[White "Khalifman, Alexander"]
[Black "Kiselev, Sergey"]
[Result "1-0"]
[WhiteElo "2635"]
[BlackElo "2530"]

1.d4 Nf6 2.c4 e6 3.Nf3 b6 4.g3 Ba6 5.b3 Bb7 6.Bg2 Bb4+ 7.Bd2 c5 8.O-O O-O
9.Bc3 Bxc3 10.Nxc3 cxd4 11.Qxd4 Nc6 12.Qd6 Qb8 13.Nb5 a6 14.Qxb8 Raxb8 15.Nd6 Ba8
16.Rfd1 Rfd8 17.Ng5 Rf8 18.Rd2 h6 19.Nge4 Nh7 20.Rad1 Rfd8 21.f4 Kf8 22.c5 Ke7
23.cxb6 Rxb6 24.Nc5 Nf8 25.Nc4 Rb5 26.Nxa6 d5 27.Nc7 Rb7 28.Nxa8 Rxa8 29.Rc1 Nd7
30.Nb2 Nb4 31.Na4 f5 32.e3 Nb6 33.Nxb6 Rxb6 34.a4 Kd6 35.Bf1 Rc6 36.Rxc6+ Kxc6
37.Rd1 Kd6 38.Rc1 g5 39.Bb5 Rb8 40.Kf1 Ra8 41.Ke2 Rb8 42.Kd2 Ra8 43.Ra1 gxf4
44.gxf4 Rb8 45.Kc3 Kc5 46.Rg1 Na2+ 47.Kb2 Nb4 48.Rc1+ Kb6 49.Ka3  1-0

[Event "Munich"]
[Site "Munich"]
[Date "1992.??.??"]
[Round "1"]
[White "Christiansen, Larry Mark"]
[Black "Khalifman, Alexander"]
[Result "1-0"]
[WhiteElo "2595"]
[BlackElo "2625"]

1.e4 c5 2.Nf3 Nc6 3.Bb5 d6 4.O-O Bd7 5.Re1 Nf6 6.c3 a6 7.Bf1 Bg4 8.d3 e6
9.Nbd2 Be7 10.h3 Bh5 11.a3 d5 12.g4 Bg6 13.Nh4 dxe4 14.Nxg6 hxg6 15.Nxe4 Nxe4
16.Rxe4 Qd7 17.Bf4 O-O 18.Qe2 Bd6 19.Bxd6 Qxd6 20.Re1 Rfd8 21.f4 Rac8 22.Qf2 Ne7
23.Re5 b5 24.h4 b4 25.axb4 cxb4 26.c4 Nc6 27.Rg5 a5 28.h5 gxh5 29.Rxh5 Qd4
30.Ra1 e5 31.Bg2 g6 32.Rh3 exf4 33.Bxc6 Rxc6 34.Rxa5 Kg7 35.Rf3 Qxf2+ 36.Kxf2 Rd4
37.Rb5 f6 38.Rxb4 g5 39.Rb7+ Kg8 40.Rh3 Rcd6 41.Rb8+ Rd8 42.Rxd8+ Rxd8 43.b4 Kf7
44.b5 Ke6 45.Ke2 Ke5 46.Rh1 Kd4 47.b6 Re8+ 48.Kd2 f3 49.Re1 f2 50.Rf1 Rb8
51.Rxf2 Rxb6 52.Kc2 Re6 53.Rf3 Re2+ 54.Kb3 Rg2 55.Rxf6 Kxd3 56.c5 Rxg4 57.c6 Rg1
58.Rd6+ Ke4 59.Kc2 Ke5 60.c7 Kxd6 61.c8=Q Rg2+ 62.Kd3 Ke5 63.Ke3 Rg3+  1-0

[Event "Munich"]
[Site "Munich"]
[Date "1992.??.??"]
[Round "3"]
[White "Lutz, Christopher"]
[Black "Khalifman, Alexander"]
[Result "1-0"]
[WhiteElo "2540"]
[BlackElo "2625"]

1.e4 c5 2.Nf3 d6 3.c3 Nf6 4.Be2 g6 5.O-O Bg7 6.Bb5+ Nc6 7.d4 O-O 8.d5 Nb8
9.Re1 e6 10.a4 a6 11.Bf1 exd5 12.exd5 Bg4 13.h3 Bxf3 14.Qxf3 Re8 15.Rxe8+ Nxe8
16.Na3 Nd7 17.Bf4 Ne5 18.Qd1 Rb8 19.Qd2 Nc7 20.a5 Ne8 21.Nc4 Nxc4 22.Bxc4 Nf6
23.Re1 Qf8 24.Bb3 Re8 25.Rxe8 Qxe8 26.Qe3 Qxe3 27.Bxe3 Kf8 28.Kf1 Ke7 29.Ke2 h5
30.Bg5 Kf8 31.f3 Ng8 32.g4 hxg4 33.fxg4 Be5 34.h4 Bf6 35.Bf4 Ke7 36.g5 Bg7
37.Kf3 Kd7 38.Ba4+ Ke7 39.Bc2 Kd7 40.Ba4+ Ke7 41.Ke3 Be5 42.Bxe5 dxe5 43.Ke4 Kd6
44.c4 f5+ 45.gxf6 Nxf6+ 46.Kf3 Ke7 47.Bc2 Kf7 48.d6 Ke6 49.Bxg6 Kxd6 50.h5 e4+
51.Kf4 Ke7 52.h6 e3 53.Bd3 Kf7 54.Kf3 Nd7 55.Ke2 Kf6 56.Be4 b6 57.h7 Kg7
58.Bf5  1-0

[Event "Munich"]
[Site "Munich"]
[Date "1992.??.??"]
[Round "5"]
[White "Gurevich, Mikhail"]
[Black "Khalifman, Alexander"]
[Result "1/2-1/2"]
[WhiteElo "2635"]
[BlackElo "2625"]

1.d4 Nf6 2.c4 g6 3.Nc3 Bg7 4.e4 d6 5.Nf3 O-O 6.Be2 e5 7.O-O Nc6 8.d5 Ne7
9.Nd2 a5 10.a3 Nd7 11.Rb1 f5 12.b4 Kh8 13.f3 Ng8 14.Qc2 Ngf6 15.Bd3 f4 16.Nb5 b6
17.Bb2 g5 18.Be2 h5 19.c5 bxc5 20.bxc5 Nxc5 21.Bxe5 g4 22.fxg4 Nxg4 23.Bxg7+ Kxg7
24.Nb3 Na6 25.Qc3+ Kh6 26.Bxg4 Bxg4 27.Rbe1 Qg5 28.Kh1 Rae8 29.Nd2 Bd7 30.Nd4 Nc5
31.N2f3 Qg7 32.e5 dxe5 33.Qxc5 exd4 34.Rxe8 Bxe8 35.Nxd4 Bd7 36.Ne6 Bxe6
37.dxe6 Re8 38.Qf5 Qg5 39.Qe4 Qf6 40.Re1 Re7 41.h3 c5 42.Qd5 f3 43.gxf3 Qh4
44.Qd2+ Kh7 45.Qd3+ Kh8 46.Qf1 Qf6 47.Re2 Rxe6  1/2-1/2

[Event "Munich"]
[Site "Munich"]
[Date "1992.??.??"]
[Round "6"]
[White "Hertneck, Gerald"]
[Black "Khalifman, Alexander"]
[Result "1/2-1/2"]
[WhiteElo "2530"]
[BlackElo "2625"]

1.d4 Nf6 2.c4 e6 3.Nf3 b6 4.g3 Ba6 5.b3 b5 6.cxb5 Bxb5 7.Nc3 Bb4 8.Bd2 Bc6
9.Bg2 O-O 10.O-O Bxc3 11.Bxc3 a5 12.a4 Qc8 13.Qc2 Be4 14.Qb2 Nd5 15.Rfc1 Qb7
16.Be1 Nc6 17.Bf1 Bxf3 18.exf3 Rfb8 19.Bc4 Nce7 20.Rd1 Nf5 21.Qd2 Nd6 22.Kg2 h6
23.Rdc1 Ne7 24.Be2 Ndf5 25.Rc5 Qxb3 26.Rxc7 Qd5 27.Bb5 Nc6 28.Bxc6 dxc6 29.Qf4 Rc8
30.Rxc8+ Rxc8 31.Bc3 Qc4 32.Bxa5 Ra8 33.Bb6 Rxa4 34.Rxa4 Qxa4 35.h4 Ne7 36.Bc5 Nd5
37.Qb8+ Kh7 38.Qb1+ Kg8 39.Qb8+  1/2-1/2

[Event "Munich"]
[Site "Munich"]
[Date "1992.??.??"]
[Round "7"]
[White "Khalifman, Alexander"]
[Black "Hansen, Curt"]
[Result "1/2-1/2"]
[WhiteElo "2625"]
[BlackElo "2620"]

1.d4 Nf6 2.c4 e6 3.Nc3 Bb4 4.e3 c5 5.Ne2 cxd4 6.exd4 O-O 7.a3 Be7 8.d5 exd5
9.cxd5 Re8 10.d6 Bf8 11.g3 b6 12.Bg2 Nc6 13.b4 Rb8 14.O-O h6 15.Bf4 Bb7 16.Nb5 g5
17.Be3 Re6 18.Ned4 Nxd4 19.Nxd4 Rxd6 20.Bxb7 Rxb7 21.Qf3 Qa8 22.Nb5 Rc6 23.Nd4 Rd6
24.Nb5 Rc6 25.Nd4  1/2-1/2